00591nam a2200205Ia 4500008004100000020001600041050000800057050000900065100001600074245005500090245001600145250001200161260003300173260002400206260000900230650004600239650005000285650002200335700002800357170203s9999 xx 000 0 und d a0-721411967 aFic bD812 aMilne, A.A. aWalt Disney's Winnie the Pooh and the honey tree / cA.A. Milne. a1st ed. aLoughborough, Leicestershire bLadybird books Ltd. c1989 aWinnie-the-Pooh -- (Fictitious character) aWinnie-the-Pooh -- (Fictitious character) --  xJuvenile fiction. aDisney, Walt, 1901-1966